Real Names of Countries İn The World Quiz - Statistics

General Stats
  • This quiz has been taken 14 times
  • The average score is 33 of 215
Answer Stats
Name Official Name % Correct
U.S.A United States of America
57%
Antigua Antigua and Barbuda
43%
D.R.C Democratic Republic of the Congo
43%
Abkhazia Republic of Abkhazia
43%
Angola Republic of Angola
43%
Congo Republic of the Congo
43%
Argentina Argentine Republic
29%
Canada Canada
29%
Australia Commonwealth of Australia
29%
Bahamas Commonwealth of The Bahamas
29%
D.R Dominican Republic
29%
Germany Federal Republic of Germany
29%
Afghanistan Islamic Emirate of Afghanistan
29%
Norway Kingdom of Norway
29%
Sweden Kingdom of Sweden
29%
Algeria People's Democratic Republic of Algeria
29%
China People's Republic of China
29%
Andorra Principality of Andorra
29%
Albania Republic of Albania
29%
Armenia Republic of Armenia
29%
Azerbaijan Republic of Azerbaijan
29%
Belarus Republic of Belarus
29%
Taiwan Republic of China
29%
Malawi Republic of Malawi
29%
Turkey Republic of Türkiye
29%
St. Lucia Saint Lucia
29%
Northern Cyprus Turkish Republic of Northern Cyprus
29%
Ukraine Ukraine
29%
U.K United Kingdom of Great Britain and Northern Ireland
29%
Mexico United Mexican States
29%
Egypt Arab Republic of Egypt
14%
Barbados Barbados
14%
Belize Belize
14%
Bosnia Bosnia and Herzegovina
14%
Brunei Brunei Darussalam
14%
Burkina Faso Burkina Faso
14%
C.A.R Central African Republic
14%
Dominica Commonwealth of Dominica
14%
Congo Congo-Brazzaville
14%
D.R.C Congo-Kinshasa
14%
Guyana Co-operative Republic of Guyana
14%
Czech Republic Czechia
14%
North Korea Democratic People's Republic of Korea
14%
Sao Tome Democratic Republic of São Tomé And Príncipe
14%
Sri Lanka Democratic Socialist Republic of Sri Lanka
14%
Ethiopia Federal Democratic Republic of Ethiopia
14%
Nepal Federal Democratic Republic of Nepal
14%
Nigeria Federal Republic of Nigeria
14%
Somalia Federal Republic of Somalia
14%
St. Kitts Federation of Saint Kitts And Nevis
14%
Brazil Federative Republic of Brazil
14%
France French Fifth Republic
14%
Gabon Gabonese Republic
14%
Luxembourg Grand Duchy of Luxembourg
14%
Grenada Grenada
14%
Jordan Hashemite Kingdom of Jordan
14%
Greece Hellenic Republic
14%
Iceland Iceland
14%
P.N.G Independent State of Papua New Guinea
14%
Samoa Independent State of Samoa
14%
Iran Islamic Republic of Iran
14%
Mauritania Islamic Republic of Mauritania
14%
Pakistan Islamic Republic of Pakistan
14%
Italy Italian Republic
14%
Jamaica Jamaica
14%
Japan Japan
14%
Bahrain Kingdom of Bahrain
14%
Belgium Kingdom of Belgium
14%
Bhutan Kingdom of Bhutan
14%
Cambodia Kingdom of Cambodia
14%
Denmark Kingdom of Denmark
14%
Swaziland Kingdom of Eswatini
14%
Morocco Kingdom of Morocco
14%
Saudi Arabia Kingdom of Saudi Arabia
14%
Spain Kingdom of Spain
14%
Thailand Kingdom of Thailand
14%
Tonga Kingdom of Tonga
14%
S.M.O.M Knights of Malta
14%
Kyrgyzstan Kyrgyz Republic
14%
Laos Lao People's Democratic Republic
14%
Malaysia Malaysia
14%
Mongolia Mongolia
14%
Montenegro Montenegro
14%
S.M.O.M Order of Malta
14%
Bangladesh People's Republic of Bangladesh
14%
Bolivia Plurinational State of Bolivia
14%
Portugal Portuguese Republic
14%
Transnistria Pridnestrovian Moldavian Republic
14%
Liechtenstein Principality of Liechtenstein
14%
Monaco Principality of Monaco
14%
NZ Realm of New Zealand
14%
Austria Republic of Austria
14%
Benin Republic of Benin
14%
Botswana Republic of Botswana
14%
Bulgaria Republic of Bulgaria
14%
Burundi Republic of Burundi
14%
Cape Verde Republic of Cabo Verde
14%
Cameroon Republic of Cameroon
14%
Chad Republic of Chad
14%
Chile Republic of Chile
14%
Colombia Republic of Colombia
14%
Costa Rica Republic of Costa Rica
14%
Ivory Coast Republic of Côte d'Ivoire
14%
Croatia Republic of Croatia
14%
Cuba Republic of Cuba
14%
Cyprus Republic of Cyprus
14%
Djibouti Republic of Djibouti
14%
Ecuador Republic of Ecuador
14%
El Salvador Republic of El Salvador
14%
Equatorial Guinea Republic of Equatorial Guinea
14%
Estonia Republic of Estonia
14%
Fiji Republic of Fiji
14%
Finland Republic of Finland
14%
Georgia Republic of Georgia
14%
Ghana Republic of Ghana
14%
Guatemala Republic of Guatemala
14%
Guinea Republic of Guinea
14%
Guinea-Bissau Republic of Guinea-Bissau
14%
Haiti Republic of Haiti
14%
Honduras Republic of Honduras
14%
Hungary Republic of Hungary
14%
India Republic of India
14%
Indonesia Republic of Indonesia
14%
Iraq Republic of Iraq
14%
Ireland Republic of Ireland
14%
Kazakhstan Republic of Kazakhstan
14%
South Korea Republic of Korea
14%
Kosovo Republic of Kosovo
14%
Latvia Republic of Latvia
14%
Lebanon Republic of Lebanon
14%
Lithuania Republic of Lithuania
14%
Madagascar Republic of Madagascar
14%
Maldives Republic of Maldives
14%
Mali Republic of Mali
14%
Malta Republic of Malta
14%
Mauritius Republic of Mauritius
14%
Moldova Republic of Moldova
14%
Mozambique Republic of Mozambique
14%
Namibia Republic of Namibia
14%
Nauru Republic of Nauru
14%
Nicaragua Republic of Nicaragua
14%
Macedonia Republic of North Macedonia
14%
Palau Republic of Palau
14%
Panama Republic of Panama
14%
Paraguay Republic of Paraguay
14%
Peru Republic of Peru
14%
Poland Republic of Poland
14%
Romania Republic of Romania
14%
Rwanda Republic of Rwanda
14%
San Marino Republic of San Marino
14%
Senegal Republic of Senegal
14%
Serbia Republic of Serbia
14%
Seychelles Republic of Seychelles
14%
Sierra Leone Republic of Sierra Leone
14%
Singapore Republic of Singapore
14%
Slovenia Republic of Slovenia
14%
Somaliland Republic of Somaliland
14%
South Africa Republic of South Africa
14%
South Ossetia Republic of South Ossetia
14%
Suriname Republic of Suriname
14%
Tajikistan Republic of Tajikistan
14%
Gambia Republic of The Gambia
14%
Marshall Islands Republic of the Marshall Islands
14%
Philippines Republic of the Philippines
14%
Burma Republic of the Union of Myanmar
14%
Trinidad Republic of Trinidad And Tobago
14%
Tunisia Republic of Tunisia
14%
Uzbekistan Republic of Uzbekistan
14%
Vanuatu Republic of Vanuatu
14%
Yemen Republic of Yemen
14%
Russia Russian Federation
14%
St. Vincent Saint Vincent And The Grenadines
14%
Slovakia Slovak Republic
14%
Vietnam Socialist Republic of Vietnam
14%
Solomons Solomon Islands
14%
South Ossetia State of Alania
14%
Eritrea State of Eritrea
14%
Israel State of Israel
14%
Kuwait State of Kuwait
14%
Palestine State of Palestine
14%
Qatar State of Qatar
14%
Oman Sultanate of Oman
14%
Switzerland Swiss Confederation
14%
Syria Syrian Arab Republic
14%
Micronesia The Federated States of Micronesia
14%
Macedonia The Former Yugoslav Republic of Macedonia
14%
Holland The Kingdom of the Netherlands
14%
S.M.O.M The Sovereign Military Order of Malta
14%
Togo Togolese Republic
14%
Turkmenistan Turkmenistan
14%
Tuvalu Tuvalu
14%
Comoros Union of the Comoros
14%
U.A.E United Arab Emirates
14%
Tanzania United Republic of Tanzania
14%
Holy See Vatican City State
14%
Venezuela Bolivarian Republic of Venezuela
0%
Congo Congo Republic
0%
Timor-Leste Democratic Republic of Timor-Leste
0%
Cyprus Greek Administration of Southern Cyprus
0%
Lesotho Kingdom of Lesotho
0%
Maldives Maldive Islands
0%
Uruguay Oriental Republic of Uruguay
0%
Kenya Republic of Kenya
0%
Kiribati Republic of Kiribati
0%
Liberia Republic of Liberia
0%
South Sudan Republic of South Sudan
0%
Niger Republic of the Niger
0%
Sudan Republic of The Sudan
0%
Uganda Republic of Uganda
0%
Zambia Republic of Zambia
0%
Zimbabwe Republic of Zimbabwe
0%
Western Sahara Sahrawi Arab Democratic Republic
0%
S.M.O.M Sovereign Military Hospitaller Order of Saint John of Jerusalem, of Rhodes And of Malta
0%
Libya State of Libya
0%
Belarus White Russia
0%
No matching quizzes found
Score Distribution
Percent of People with Each Score
Percentile by Number Answered
Your Score History
You have not taken this quiz